Представление документа в формате RUSMARC

ПолеНазваниеЗначение
  Тип записи a
  Библиографический уровень m
001 Контрольный номер RU/CBS_UL/BASE/5aca11eee4bb4e4e94793d6071dec1b4
005 Дата корректировки 20260304101340.9
101 Язык документа __
a Язык текста rus
102 Страна публикации __
a Страна публикации RU
200 Заглавие и сведения об ответственности 0_
a Заглавие № 3
210 Выходные данные __
d Дата издания 2026
461 Уровень набора __
1 2001
a Тайны СССР
v № 3
1 210
d 2026
801 Источник записи __
a Страна RU
b Организация МБУК ЦБС г. Ульяновска
g Правила каталогизации RCR
901 Тип документа __
t Тип документа s
909 Создатель записи __
a Создатель записи lib2